Normal view
MARC view
- Mirzā, Munīr,
Entry Personal Name
001 - CONTROL NUMBER
- control field: 5302
003 - CONTROL NUMBER IDENTIFIER
- control field: NUST
005 - DATE AND TIME OF LATEST TRANSACTION
- control field: 20171006123800.0
008 - FIXED-LENGTH DATA ELEMENTS
- fixed length control field: 171006|| aca||aabn | a|a d
040 ## - CATALOGING SOURCE
- Original cataloging agency: NUST
- Transcribing agency: NUST
100 ## - HEADING--PERSONAL NAME
- Personal name: Mirzā, Munīr,
- Dates associated with a name: 1936-
670 ## - SOURCE DATA FOUND
- Source citation: Work cat.: (NUST)0: 880-01 Mirzā, Munīr, 1936-, Parbaton̲ kā shīndūr /, 2012.
